Statistics for Most NFL Career Passing Yards

Click here to take the quiz!

General Stats

  • This quiz has been taken 447 times
  • The average score is 11 of 15

Answer Stats

HintAnswer% Correct
71,940 IND/DENPeyton Manning
100%
58, 028 NETom Brady
99%
60,903 SD/NODrew Brees
98%
44,191 NYGEli Manning
98%
61,361 MIADan Marino
97%
71,838 GB/NYJ/MINBrett Farve
96%
51,475 DENJohn Elway
90%
41,447 SDPhilip Rivers
86%
42,995 PITBen Roethlisberger
80%
49,325 HOU/MIN/SEA/KCWarren Moon
58%
44,611 NE/BUF/DALDrew Bledsoe
57%
47,003 MIN/NYGFran Tarkenton
51%
43,040 SDDan Fouts
50%
46,233 TB/CLE/BAL/NYJ/DAL/NE/CARVinny Testaverde
40%
40,992 CAR/NO/NYG/OAK/TEN/INDKerry Collins
21%

Score Distribution

Percentile by Number Answered

Percent of People with Each Score

Your Score History

You have not taken this quiz